| 000 | 00398nam a22001457a 4500 | ||
|---|---|---|---|
| 008 | 250523b |||||||| |||| 00| 0 eng d | ||
| 020 | _a9789789474707 | ||
| 050 |
_aJX 1395 _b.E44 |
||
| 100 | _aEmenike E. Uzoma | ||
| 245 | _aAfrica: The Centre-Piece of Nigeria's Foreign Policy | ||
| 260 |
_aLagos _bCompendia Media Ltd _c2015 |
||
| 300 | _a312p. | ||
| 650 | _aInternational relations | ||
| 942 | _cBK | ||
| 999 |
_c3638 _d3638 |
||